बनाटी (Record no. 1238078)

MARC details
000 -LEADER
fixed length control field 00541nam a2200193Ia 4500
008 - FIXED-LENGTH DATA ELEMENTS--GENERAL INFORMATION
fixed length control field 151121s9999||||xx |||||||||||||| ||und||
082 ## - DEWEY DECIMAL CLASSIFICATION NUMBER
Classification number 813-/माळव
082 ## - DEWEY DECIMAL CLASSIFICATION NUMBER
Item number HNW-55060
100 ## - MAIN ENTRY--PERSONAL NAME
Personal name माळवदे रमण
245 ## - TITLE STATEMENT
Title बनाटी
260 ## - PUBLICATION, DISTRIBUTION, ETC. (IMPRINT)
Name of publisher, distributor, etc "मनोरमा प्रकाशन, मुंबई"
260 ## - PUBLICATION, DISTRIBUTION, ETC. (IMPRINT)
Date of publication, distribution, etc --
300 ## - PHYSICAL DESCRIPTION
Extent 138
600 ## - SUBJECT ADDED ENTRY--PERSONAL NAME
Personal name माळवदे रमण
630 ## - SUBJECT ADDED ENTRY--UNIFORM TITLE
Uniform title बनाटी
700 ## - ADDED ENTRY--PERSONAL NAME
Personal name माळवदे रमण
730 ## - ADDED ENTRY--UNIFORM TITLE
Uniform title बनाटी
942 ## - ADDED ENTRY ELEMENTS (KOHA)
Koha item type Book
Holdings
Withdrawn status Lost status Damaged status Not for loan Home library Current library Date acquired Total Checkouts Full call number Barcode Date last seen Price effective from Koha item type
        Hirachand Nemchand Wachanalaya, Solapur Hirachand Nemchand Wachanalaya, Solapur 11/21/2015   HNW-55060 HNW-55060 11/21/2015 11/21/2015 Book